LEADER 01036nam a2200253 i 4500 001 000000148607 003 CaOOAMICUS 005 20060310000000.0 008 060310s2000 it u000 u ita u 013 $a125923 020 $a88-7610-874-2 040 $aSeMil$bita 100 1 $aSantambrogio, Giovanni,$d<1952- >.$0(OLS)http://semarc/name/44745 245 14$aGli Angeli del Natale /$cGiovanni Santambrogio ; presentazione di Gianfranco Ravasi. 260 $aMilano :$bĀncora,$c2000. 300 $a95 p. :$briccamente ill. ;$c21 cm. 650 4$aAngeli - Iconografia.$0(OLS)http://semarc/subject/29000 700 1 $aRavasi, Gianfranco,$c.$0(OLS)http://semarc/name/244 850 $aSeMil 852 $aSeMil$W1$xVenegono$y1$m5G I 4$j100972$B100972$CSeMilBibl$Z2$F109927 $81 961 $aOmaggio: Altro 996 $6020$a88-7610-874-2$9(OLS)http://semarc/number/137526 996 $6245$aGli Angeli del Natale$9(OLS)http://semarc/title/217205 996 $6260$aMilano :$bĀncora$9(OLS)http://semarc/publisher/29763 LEADER 01448nam a2200277 i 4500 001 000000347476 003 CaOOAMICUS 005 20210827122959.0 008 210827s2021 it u000 u ita u 013 $a232294 020 $a978-88-8333-956-1 040 $aSeMil$bita 100 1 $aSalvatori, Davide,$d<1971- >.$0(OLS)http://semarc/name/50094 245 12$aI fori competenti e le novitā introdotte da Mitis Iudex Dominus Iesus :$bstudio delle fonti del can. 1672: analisi storico-comparativa /$cDavide Salvatori. 264 1$aRoma :$bEdusc,$c2021. 300 $a229 p. ;$c25 cm. 490 1 $aSubsidia canonica / Pontificia universitā della Santa Croce, Facoltā di diritto canonico ;$v32 650 4$aDiritto processuale canonico.$0(OLS)http://semarc/subject/3750 650 4$aDiritto canonico.$0(OLS)http://semarc/subject/207 830 0$aSubsidia canonica / Pontificia universitā della Santa Croce, Facoltā di diritto canonico ;$v32.$0(OLS)http://semarc/title/125097 850 $aSeMil 852 $aSeMil$W1$xVenegono$y1$m2NA G 32$j244341$B238551$CSeMilBibl$Z2$F238551 $81 996 $6020$a978-88-8333-956-1$9(OLS)http://semarc/number/293941 996 $6245$aI fori competenti e le novitā introdotte da Mitis Iudex Dominus Iesus :$bstudio delle fonti del can. 1672: analisi storico-comparativa$9(OLS)http://semarc/title/436765 996 $6264$aRoma :$bEdusc$9(OLS)http://semarc/publisher/31185